000 00736naa a22002297u 4500
001 20876
003 HDC
007 cr bn ---aaaaa
008 210306t201003 xx 000 0 eng
040 _aHDC
245 0 _aGEARING FOR ECONOMIC RESURGENCE
260 _a[No place] :
_b[publisher not identified],
_c2010
336 _atext
_2rdacontent
337 _acomputer
_2rdamedia
338 _aonline resource
_2rdacarrier
650 _aBusiness
_9207
650 _aEconomics
_vExhibitions
_918705
856 _zRequest full-text at [email protected]
942 _2lcc
942 _cEIJ
942 _kEMAG 000907
999 _c18192
_d18192